| 000 | 00369nam a2200157Ia 4500 | ||
|---|---|---|---|
| 008 | 210716s2008 xx 000 0 und d | ||
| 020 | _a9788126513031 | ||
| 041 | _aeng | ||
| 082 | _a004.6X HUND | ||
| 100 | _aHunter, David. | ||
| 245 | _aBeginning xml. | ||
| 250 | _a4 | ||
| 260 |
_aNew Delhi _bWiley India Pvt Ltd _c2008 |
||
| 300 | _axxxvi,1039 | ||
| 650 | _aNone | ||
| 999 |
_c189389 _d189389 |
||